000 01400nam1a2200241 i 4500
001 RU\NLR\BIBL_A\011335557
005 20260408064559.0
035 _a(NLR Aleph) 011335557
090 _a11159275
_c11159275
100 _a20170208d2015 um y0rusy50 ca
101 0 _arus
102 _aRU
105 _a||||z||||||||
200 1 _aСовременный воспитательный процесс в образовательных организациях
_e[в 2 ч.]
_fФедеральное государственное бюджетное образовательное учреждение высшего профессионального образования "Тольяттинский государственный университет", НОЦ ТГУ "Международный исследовательский центр современных проблем воспитания"
210 _aТольятти
_cКассандра
_d2015
215 _d21
606 1 _aУчреждения профессионального образования
_xВоспитательная работа
_92522414
_3RU\NLR\AUTH\661494622
686 1 _aЧ451.3
712 0 2 _4570
_aТольяттинский государственный университет
_9584015
_3RU\NLR\AUTH\8810042300
852 _aNLR
_j2017-4/1044
942 _cBOOK